000 00450nam a2200145 4500
999 _c10908
_d10908
008 180926b ||||| |||| 00| 0 eng d
022 _a2094-8042
082 _aDPer 370.105 M72 Jan-Dec 2011 v59-60
100 _931716
_aOrbong, Sabino Aday
245 _aBino's seascape/
_cSabino Aday Orbong.
260 _aPhilippines:
_bIn the Grade School, Inc.,
_cc2011.
300 _av60 n5, page 211;
_c27cm.
650 0 _931717
_aPoetry.
942 _2ddc
_cPER